000 00351nam a22001577a 4500
003 MACL
005 20151120120648.0
008 151120b xxu||||| |||| 00| 0 eng d
040 _cMACL
041 _aEnglish
082 _a920/GEE
100 _aRevathi,A.
_917584
245 _aTruth About Me
650 _aAuto biography
_914205
942 _2ddc
_cBK
999 _c50726
_d50726